Živnostenské noviny informácie Slovenskej živnostenskej komory

Bibliographic Details
Format: Journal
Language:Slovak
PhysicalDescription:zv. 30 cm
Published: Bratislava Slovenská živnostenská komora 2000-
Subjects:
Online Access:http://www.szk.sk/zivnostenske-noviny/

MARC

LEADER 00000cas a2200000 a 4500
001 vtls008161438
003 SK-MaSNL
005 20260228163512.0
008 180109c20009999xo ux|p 0 b0slo
035 |a (SVKBB03)vtls000060563 
040 |a SNK  |b slo  |c SNK  |d SVKBB  |e AACR2 
041 0 |a slo 
044 |a xo  |c SK 
072 7 |a 347.7  |x Obchodné právo. Finančné právo. Právo priemyselného vlastníctva. Patentové právo. Autorské právo  |2 konspekt 
080 |a 050  |2 2011 
080 |a (036)  |2 2011 
080 |a 334-051  |2 2011 
080 |a 347.72  |2 2001 
245 0 0 |a Živnostenské noviny  |b informácie Slovenskej živnostenskej komory 
260 |a Bratislava  |b Slovenská živnostenská komora  |c 2000- 
300 |a zv.  |c 30 cm 
310 |a 12x ročne  |b ?- 
321 |a Vychádza nepravidelne 
362 0 |a Roč. I, č. 1 (nov. 2000)- 
500 |a Reg. číslo MK SR: 2415/2000 
500 |a Redaktori sa menia 
500 |a Evidenčné číslo MK SR: EV 1073108 
515 |a Niektoré čísla vychádzajú ako dvojčíslo 
650 0 7 |a živnostenské podnikanie  |2 SNKPH  |9 1774 
655 7 |a informačné publikácie  |2 SNKPH  |9 70181 
856 4 0 |u http://www.szk.sk/zivnostenske-noviny/ 
910 |a snk 
999 |c 9656  |d 11586 
952 |0 0  |1 0  |4 0  |7 0  |8 0  |a SNK  |b SNK  |d 2006-05-10  |i snk2006/9414  |l 0  |o snkČSB 5461/1/2000  |p 17A0502025  |r 2026-02-21 19:52:36  |t č. 1-2 + 3 príl.  |w 2026-02-21  |y PREZ  |z Príl.: Záručné programy v č 1 ; Príspevkové programy, Doplnové dôchodkové poisťovne v č. 2 
952 |0 0  |1 0  |4 0  |7 0  |8 0  |a SNK  |b SNK  |d 2006-05-10  |i snk2006/9417  |l 0  |o snkČSB 5461/2/2001  |p 17A0502026  |r 2026-02-21 19:52:36  |t č. 1-3 + 3 príl.  |w 2026-02-21  |y PREZ  |z Príl.: Program na podporu malého a stredného podnikania formou poskytovania bankových záruk na ""predhypotekárne úvery"" v č. 1; Štatút Slovenskej živnostenskej komory v č. 2 ; Slovenská záručná a rozvojová banka v č. 3 
952 |0 0  |1 0  |4 0  |7 0  |8 0  |a SNK  |b SNK  |d 2021-09-27  |i snk2021/13852  |l 0  |o snkČSB 5461/18/2017 D1  |p 17A1460674  |r 2026-02-21 21:39:39  |t č. 1-12  |w 2026-02-21  |y PREZ 
952 |0 0  |1 0  |4 0  |7 0  |8 0  |a SNK  |b SNK  |d 2021-09-27  |i snk2021/13855  |l 0  |o snkČSB 5461/19/2018 D1  |p 17A1460675  |r 2026-02-21 21:39:39  |t č. 1-12  |w 2026-02-21  |y PREZ 
952 |0 0  |1 0  |4 0  |7 0  |8 0  |a SNK  |b SNK  |d 2021-09-27  |i snk2021/13856  |l 0  |o snkČSB 5461/20/2019 D1  |p 17A1460676  |r 2026-02-21 21:39:39  |t č. 1-12, neúplné  |w 2026-02-21  |y PREZ  |z Chýba č. 8-12 
952 |0 0  |1 0  |4 0  |7 0  |8 0  |a SNK  |b SNK  |d 2020-10-08  |i snk2020/18129  |l 0  |o snkČSB 5461/18/2017  |p 17A1431817  |r 2026-02-21 22:23:04  |t č. 1-12  |w 2026-02-21  |y PREZ 
952 |0 0  |1 0  |4 0  |7 0  |8 0  |a SNK  |b SNK  |d 2020-10-08  |i snk2020/18137  |l 0  |o snkČSB 5461/19/2018  |p 17A1431818  |r 2026-02-21 22:23:04  |t č. 1-12  |w 2026-02-21  |y PREZ 
952 |0 0  |1 0  |4 0  |7 0  |8 0  |a SNK  |b SNK  |d 2020-10-08  |i snk2020/18140  |l 0  |o snkČSB 5461/20/2019  |p 17A1431819  |r 2026-02-21 22:23:04  |t č. 1-12  |w 2026-02-21  |y PREZ